Cinco lecciones sobre medicina legal (Record no. 39719)

MARC details
000 -LEADER
campo de control de longitud fija 00584nam a2200169 i 4500
001 - NÚMERO DE CONTROL
campo de control 39719
003 - IDENTIFICADOR DE NÚMERO DE CONTROL
campo de control ES-MaACL
005 - FECHA Y HORA DE LA ÚLTIMA TRANSACCIÓN
campo de control 20230906160051.0
007 - CAMPO FIJO DE DESCRIPCIÓN FÍSICA--INFORMACIÓN GENERAL
campo de control de longitud fija t|
008 - DATOS DE LONGITUD FIJA--INFORMACIÓN GENERAL
campo de control de longitud fija 030304s1967 sp ||||1| spa d
100 1# - ENTRADA PRINCIPAL--NOMBRE DE PERSONA
Nombre de persona Campo Jesús, Luis del.
9 (RLIN) 34215
245 10 - MENCIÓN DEL TÍTULO
Título Cinco lecciones sobre medicina legal
Resto del título : frío, calor, hambre, sed, agonía /
Mención de responsabilidad, etc. Luis del Campo.
260 ## - PUBLICACIÓN, DISTRIBUCIÓN, ETC.
Lugar de publicación, distribución, etc. Pamplona :
Nombre del editor, distribuidor, etc. [s.n,
Fecha de publicación, distribución, etc. 1967] (
Fabricante Imp. La Acción Social)
300 ## - DESCRIPCIÓN FÍSICA
Extensión 240 p. ;
Dimensiones 21 cm.
740 0# - ENTRADA AGREGADA--TÍTULO RELACIONADO/ANALÍTICO NO CONTROLADO
Título relacionado o analítico no controlado 5 lecciones sobre medicina legal: frío, calor, hambre, sed, agonía.
852 ## - LOCALIZACIÓN
Ubicación ES-MaACL
Número de control de estantería C-33489
Sublocalización o colección R.63640
Holdings
Estatus retirado Estado de pérdida Estado de daño No para préstamo Biblioteca de origen Biblioteca actual Ubicación en estantería Fecha de adquisición Fuente de adquisición Total de préstamos Signatura topográfica completa Código de barras Visto por última vez Precio de reemplazo Tipo de ítem Koha
        Biblioteca del Ateneo de Madrid Biblioteca del Ateneo de Madrid Depósito 2 17/01/2008     C-33489 1041828 23/02/2023 23/02/2023 Libro impreso